|
|
|
|
| LEADER |
00000nab a2200000 4500 |
| 001 |
vtls008693642 |
| 003 |
SK-MaSNL |
| 005 |
20260303073905.0 |
| 008 |
140301 1954 xo p 000 0 slo |
| 015 |
|
|
|a SNBRRBDKK190120XX
|
| 035 |
|
|
|a CLAS02vtls000013836
|
| 040 |
|
|
|a SNKBUDKK
|b slo
|c SNKBUDKK
|e AACR2
|
| 041 |
0 |
|
|a slo
|
| 044 |
|
|
|a xo
|c SK
|
| 080 |
|
|
|a 655
|x (47+57)
|2 1997
|
| 080 |
|
|
|a 070.447
|2 1997
|
| 245 |
0 |
0 |
|a V. A. Istrin: Poligrafičeskoje materialovedenije
|b dlja izdateľskich rabotnikov. Moskva, Gos. izdateľstvo "Iskusstvo" 1953. 159 s.
|
| 500 |
|
|
|a Rubrika: Knižné novinky
|
| 520 |
2 |
|
|a Krátka recenzia diela sovietskeho autora venovaného polygrafickému materiálu, na ktorom sa tlačia všetky typy tlačených dokumentov. Recenzent oboznamuje s obsahom publikácie a odporúča ju knihovníkom aj pracovníkom vo výrobe
|
| 650 |
0 |
7 |
|a tlačiarne
|2 snkbudkk
|9 26683
|
| 773 |
0 |
|
|t Knižnica : časopis pre knižnú kultúru
|g Roč. 6, č. 3 (1954), s. 142
|
| 787 |
0 |
8 |
|i Rec.:
|a Istrin, V. A.
|t Poligrafičeskoje materialovedenije
|d Moskva : Gos. izdateľstvo "Iskusstvo", 1953
|
| 850 |
|
|
|a Slovenská národná knižnica v Martine
|
| 852 |
|
|
|a SNK
|b KIS3GCP
|
| 856 |
4 |
1 |
|u http://www.viks.sk/dkk/kniznica1954_142c.doc
|y plný text
|
| 910 |
|
|
|a bdkk
|a memoriask
|
| 999 |
|
|
|c 1769494
|d 1771424
|